| 000 | 01181nam0a2200325 4500 | ||
|---|---|---|---|
| 001 | RU\NLR\bibl\904258 | ||
| 005 | 20260405142234.0 | ||
| 010 |
_a5-8138-0711-X _911000 |
||
| 021 |
_aRU _b2005-82722 _94084 |
||
| 035 | _a(NLR Aleph) 000892674 | ||
| 090 |
_a1728251 _c1728251 |
||
| 100 | _a20060206d2006 |||y0rusy50 ca | ||
| 101 | 0 | _arus | |
| 102 | _aRU | ||
| 105 | _aa ||||||||| | ||
| 200 | 1 |
_aМальчик-с-пальчик _e[сказки _eдля дошкольного и младшего школьного возраста _fлит. пересказ Т.А. Комзаловой _gхудож. В. Чайчук, А. Чайчук] |
|
| 210 |
_aСмоленск _cРусич _d2006 |
||
| 215 |
_a62, [1] c. _cцв. ил. _d17 |
||
| 225 | 1 | _aДля самых маленьких | |
| 225 | 1 | _aСказки для детей | |
| 686 | _aШ9(0)60-4я43 | ||
| 702 | 1 |
_4010 _8rus _7ca _aКомзалова _bТ. А. _gТатьяна Александровна _3RU\NLR\auth\7758202 _941134 |
|
| 801 | 0 |
_aRU _bNLR _c20060206 _grcr |
|
| 801 | 1 |
_aRU _bNLR _c20060206 |
|
| 942 | _cBOOK | ||
| 980 | _aNB | ||
| 980 | _aNBR | ||